水族館がある都道府県 - Statistics

General Stats
  • This quiz has been taken 137 times
  • The average score is 10 of 20
Answer Stats
Answer % Correct
愛知県 名古屋港水族館
97%
三重県 鳥羽水族館
85%
秋田県 男鹿水族館 GAO
78%
和歌山県 串本海中公園
76%
東京都 サンシャイン水族館
76%
岩手県 久慈地下水族科学館 もぐらんぴあ
72%
高知県 むろと廃校水族館
72%
新潟県 マリンピア日本海
64%
福岡県 マリンワールド 海の中道
63%
青森県 浅虫水族館
62%
沖縄県 DMMかりゆし水族館
60%
静岡県 あわしまマリンパーク
34%
山口県 海響館
33%
大阪府 NIFREL
32%
大分県 〇〇マリーンパレス水族館 うみたまご
31%
島根県 〇〇県立〇〇海洋館アクアス
30%
北海道 サンピアザ水族館
27%
広島県 シン・マリホ水族館
22%
兵庫県 アトア
19%
宮城県 アクアテラス錦ヶ丘
11%
No matching quizzes found
Score Distribution
Percent of People with Each Score
Percentile by Number Answered
Your Score History
You have not taken this quiz